Statistics for Were They A British Prime Minister?

Click here to take the quiz!

General Stats

  • This quiz has been taken 18 times
  • The average score is 7 of 8

Answer Stats

Answer% Correct
No - The Earl Granville
100%
No - The Marquess of Crewe
100%
Yes - Henry Campbell-Bannerman
100%
Yes - The Duke of Wellington
100%
Yes - The Marquess of Salisbury
100%
No - Sir Edward Carson
89%
No - The Viscount Addison
78%
Yes - Clement Attlee
72%

Score Distribution

Percentile by Number Answered

Percent of People with Each Score

Your Score History

You have not taken this quiz